| 000 | 00376nam a2200145Ia 4500 | ||
|---|---|---|---|
| 008 | 230312s9999||||xx |||||||||||||| ||und|| | ||
| 020 | _a9780133390414 | ||
| 082 |
_a005.5 _bMEH-L |
||
| 100 | _aO Leary,Timothy.J | ||
| 245 | 0 | _aComputing essentials, 2002-2003 | |
| 260 |
_bPearson _aUSA _c2014 |
||
| 300 | _a740 | ||
| 650 |
_aComputer _vBusiness Computer programs |
||
| 942 | _cBK | ||
| 999 |
_c18261 _d18261 |
||